000 00209nam a2200085Ia 4500
008 120527s9999 xx 000 0 und d
100 _aMcEarchern
245 _aEconomics: A contemporary Introduction
942 _cBK
999 _c27149
_d27149